Efectos civiles del delito y responsabilidad extracontractual
محفوظ في:
| المؤلف الرئيسي: | |
|---|---|
| التنسيق: | كتاب |
| اللغة: | الإسبانية |
| منشور في: |
Valencia
Tirant lo Blanch
1997
|
| سلاسل: | Colección Privado, 11
|
| الموضوعات: | |
| الوسوم: |
إضافة وسم
لا توجد وسوم, كن أول من يضع وسما على هذه التسجيلة!
|
MARC
| LEADER | 00000nam a2200000 a 4500 | ||
|---|---|---|---|
| 001 | UCM7710 | ||
| 003 | CL-VaPUC | ||
| 008 | 030110e19970000SP |||||||||||||||||spa|d | ||
| 082 | 0 | 4 | |a 346.03 |b LOP |2 21 |
| 100 | |a López Beltrán de Heredia, Carmen |e autora |9 473332 | ||
| 245 | 1 | 0 | |a Efectos civiles del delito y responsabilidad extracontractual |
| 300 | |a 182 p | ||
| 942 | |c BK | ||
| 945 | |d 20030110 00:00:00 |a vberengu | ||
| 260 | |a Valencia |b Tirant lo Blanch |c 1997 | ||
| 650 | 0 | |a Delitos |9 224143 | |
| 650 | 0 | |a Responsabilidad extracontractual |9 336742 | |
| 650 | 0 | |a Restitución |9 397559 | |
| 583 | |a last modification |c 20030110 00:00:00 |k Rodrigo Vera | ||
| 490 | 0 | |a Colección Privado, 11 | |
| 999 | |c 302394 |d 302392 | ||
| 952 | |0 0 |1 0 |4 0 |6 346_030000000000000_LOP_1997 |7 0 |8 A |9 362890 |a BIBDER |b BIBDER |d 2019-11-21 |i 3876578 |l 1 |o 346.03 LOP 1997 |p 3876578 |r 2023-05-16 |s 2023-05-16 |w 2019-11-21 |y BK |k DER | ||